[Event "GBR-ch77"]
[Site "Eastbourne"]
[Date "1990.08.04"]
[Round "6.17"]
[White "Summerscale, Aaron"]
[Black "Basman, Michael J"]
[Result "1/2-1/2"]
[WhiteElo "2315"]
[BlackElo "2370"]
[PlyCount "63"]
[EventDate "1990.07.30"]
[EventType "swiss"]
[EventRounds "11"]
[EventCountry "GBR"]
[SourceTitle "BritBase"]

1. d4 h6 2. e4 c5 3. d5 d6 4. f4 g5 5. fxg5 hxg5 6. Bxg5 Bg7 7. c3 a6 8. a4 Qc7
9. Nd2 Nf6 10. Ne2 Bg4 11. Qc2 Nbd7 12. Ng3 O-O-O 13. h3 Nh5 14. Nxh5 Bxh5 15.
Be2 Be5 16. Be3 Rdg8 17. Bxh5 Rxh5 18. Nf1 Nf6 19. O-O-O Rh4 20. Rg1 Rxe4 21.
g4 Bf4 22. g5 Rxe3 23. Qf5+ Qd7 24. Qxf4 Re5 25. Ne3 Qxh3 26. Nc4 Re4 27. gxf6
Rxf4 28. Rxg8+ Kd7 29. Nb6+ Kc7 30. Na8+ Kd7 31. Nb6+ Kc7 32. Na8+ 1/2-1/2

[Event "GBR-ch77"]
[Site "Eastbourne"]
[Date "1990.08.04"]
[Round "6.18"]
[White "Tozer, Richard"]
[Black "Parker, Jonathan"]
[Result "1-0"]
[WhiteElo "2285"]
[BlackElo "2355"]
[PlyCount "143"]
[EventDate "1990.07.30"]
[EventType "swiss"]
[EventRounds "11"]
[EventCountry "GBR"]
[SourceTitle "BritBase"]

1. d4 Nf6 2. c4 e6 3. Nc3 d5 4. cxd5 exd5 5. Bg5 Be7 6. e3 O-O 7. Bd3 Nbd7 8.
Qc2 c6 9. Nf3 Re8 10. O-O Nf8 11. Rae1 Ne4 12. Bf4 Bf5 13. h3 Bd6 14. Bxd6 Qxd6
15. Nh4 Bd7 16. f4 Qf6 17. Bxe4 dxe4 18. Qf2 Ng6 19. Nxg6 hxg6 20. Rc1 Rac8 21.
Qc2 Qe7 22. a3 c5 23. d5 Qd6 24. Rcd1 f5 25. Qb3 a6 26. Rd2 b5 27. Kh1 Kh7 28.
Rc1 Rc7 29. a4 b4 30. Ne2 a5 31. Qd1 Bc8 32. Rdc2 Ree7 33. Ra1 Ba6 34. Nc1 Red7
35. Rd2 c4 36. b3 c3 37. Rd4 Rc5 38. Ne2 Bxe2 39. Qxe2 Rxd5 40. Rad1 Rxd4 41.
Rxd4 Qc6 42. Rc4 Rd2 43. Qe1 Qd6 44. Qh4+ Kg8 45. Rc8+ Kf7 46. Qh8 c2 47. Qg8+
Kf6 48. Rf8+ Qxf8 49. Qxf8+ Ke6 50. Qc8+ Kf6 51. Qc6+ Kf7 52. Kh2 Kg8 53. h4
Kh7 54. Qc8 Re2 55. h5 gxh5 56. Qxf5+ g6 57. Qc5 Kg7 58. Kh3 h4 59. Qc7+ Kg8
60. Qc8+ Kg7 61. Qc7+ Kf6 62. Qc6+ Kg7 63. Kxh4 Rxg2 64. Qc5 Kf6 65. Kh3 Rf2
66. Kg3 Re2 67. Qc6+ Kf7 68. f5 Rxe3+ 69. Kh4 Rc3 70. Qe6+ Kg7 71. Qe7+ Kh6 72.
Qf8+ 1-0

[Event "GBR-ch77"]
[Site "Eastbourne"]
[Date "1990.08.04"]
[Round "6.20"]
[White "Walker, David"]
[Black "Franklin, Chris"]
[Result "1-0"]
[WhiteElo "2325"]
[BlackElo "2275"]
[PlyCount "74"]
[EventDate "1990.07.30"]
[EventType "swiss"]
[EventRounds "11"]
[EventCountry "GBR"]
[SourceTitle "BritBase"]

1. d4 Nf6 2. c4 c5 3. d5 g6 4. Nc3 Bg7 5. e4 d6 6. Be2 O-O 7. Bg5 a6 8. a4 Qa5
9. Bd2 e6 10. Nf3 exd5 11. exd5 Bg4 12. O-O Qc7 13. h3 Bxf3 14. Bxf3 Nbd7 15.
Qc2 Rae8 16. g4 Nb6 17. b3 Nfd7 18. Rae1 Qd8 19. Ne4 Ne5 20. Bg2 f5 21. gxf5
Rxf5 22. f4 Nf7 23. Ba5 Bd4+ 24. Kh1 Rf8 25. Ng3 Nh6 26. Nxf5 Nxf5 27. Qd3 Qh4
28. Bxb6 Ng3+ 29. Kh2 Nxf1+ 30. Qxf1 Bf2 31. Re4 Bg3+ 32. Kh1 Bxf4 33. Qf3 Qh6
34. Qg4 Bg5 35. Qe6+ Kh8 36. Qxd6 Bf4 37. Rxf4 Rxf4 1-0

[Event "GBR-ch77"]
[Site "Eastbourne"]
[Date "1990.08.04"]
[Round "6.21"]
[White "Littlewood, John Eric"]
[Black "Kumaran, Dharshan"]
[Result "1-0"]
[WhiteElo "2320"]
[BlackElo "2245"]
[PlyCount "43"]
[EventDate "1990.07.30"]
[EventType "swiss"]
[EventRounds "11"]
[EventCountry "GBR"]
[SourceTitle "BritBase"]

1. e4 c6 2. d4 d5 3. Nc3 dxe4 4. Nxe4 Nd7 5. Ng5 Ngf6 6. Bd3 e6 7. N1f3 Bd6 8.
O-O h6 9. Ne4 Nxe4 10. Bxe4 O-O 11. Qe2 Re8 12. Re1 Qc7 13. Bd3 c5 14. c3 Nf8
15. Ne5 cxd4 16. cxd4 f6 17. Qh5 Rd8 18. Ng4 Bf4 19. Nxf6+ gxf6 20. Bxf4 Qxf4
21. Re4 Qd2 22. Rg4+ 1-0

[Event "GBR-ch77"]
[Site "Eastbourne"]
[Date "1990.08.04"]
[Round "6.23"]
[White "Cooper, Lawrence"]
[Black "Findlay, Ian T"]
[Result "0-1"]
[WhiteElo "2270"]
[BlackElo "2340"]
[PlyCount "70"]
[EventDate "1990.07.30"]
[EventType "swiss"]
[EventRounds "11"]
[EventCountry "GBR"]
[SourceTitle "BritBase"]

1. Nf3 Nf6 2. c4 c5 3. g3 d5 4. b3 Nc6 5. cxd5 Nxd5 6. Bb2 f6 7. Bg2 e5 8. O-O
Be7 9. Nc3 Be6 10. Rc1 Qd7 11. Qc2 O-O 12. Nxd5 Bxd5 13. d3 Rac8 14. Nd2 Be6
15. Qb1 Rfd8 16. Ne4 b6 17. Rfd1 Kh8 18. Bc3 Bg4 19. Re1 Nd4 20. Bxd4 cxd4 21.
Rxc8 Rxc8 22. f3 Be6 23. Rc1 Ba3 24. Rxc8+ Qxc8 25. Kf2 b5 26. Qd1 Bc1 27. Nd6
Qc6 28. Ne4 f5 29. Nd2 Qc3 30. Nf1 f4 31. Kg1 a5 32. gxf4 exf4 33. h4 b4 34.
Kh2 a4 35. Bh3 Bg8 0-1

[Event "GBR-ch77"]
[Site "Eastbourne"]
[Date "1990.08.04"]
[Round "6.24"]
[White "Bibby, Simon"]
[Black "Webster, Andrew"]
[Result "1/2-1/2"]
[WhiteElo "2280"]
[BlackElo "2335"]
[PlyCount "86"]
[EventDate "1990.07.30"]
[EventType "swiss"]
[EventRounds "11"]
[EventCountry "GBR"]
[SourceTitle "BritBase"]

1. e4 g6 2. d4 Bg7 3. Nc3 c6 4. Bc4 d5 5. exd5 b5 6. Bb3 b4 7. Nce2 cxd5 8. Bd2
a5 9. a3 bxa3 10. Rxa3 Nc6 11. Nf3 e6 12. Ba4 Bd7 13. Bxc6 Bxc6 14. Ne5 Ne7 15.
Qa1 O-O 16. Bxa5 Qd6 17. Nd3 Rfb8 18. O-O Nf5 19. Bb4 Qd8 20. Bc5 Nd6 21. b3
Ne4 22. Rd1 Bb5 23. Be7 Rxa3 24. Qxa3 Qc7 25. Bc5 Nxc5 26. Qxc5 Qxc5 27. dxc5
e5 28. h4 d4 29. g4 e4 30. Ndf4 Be5 31. Rd2 d3 32. cxd3 exd3 33. Nxd3 Rd8 34.
Nxe5 Rxd2 35. Nc3 Rc2 36. Nxb5 Rxc5 37. Nxg6 hxg6 38. Nd4 Rd5 39. Nf3 Rd3 40.
Kg2 Rxb3 41. Ng5 Rb4 42. Kg3 f6 43. Ne6 Kf7 1/2-1/2

[Event "GBR-ch77"]
[Site "Eastbourne"]
[Date "1990.08.04"]
[Round "6.27"]
[White "McLaren, Leonard"]
[Black "Giddins, Stephen W"]
[Result "1-0"]
[WhiteElo "2205"]
[BlackElo "2305"]
[PlyCount "83"]
[EventDate "1990.07.30"]
[EventType "swiss"]
[EventRounds "11"]
[EventCountry "GBR"]
[SourceTitle "BritBase"]
[Source "John Saunders"]
[SourceDate "2024.08.29"]
[SourceVersion "1"]
[SourceVersionDate "2024.08.29"]
[SourceQuality "1"]

1. e4 e5 2. Nf3 Nc6 3. Bb5 a6 4. Bxc6 dxc6 5. O-O Bd6 6. d4 exd4 7. Qxd4 f6 8. Nbd2 Be6 9. b3 Nh6 10. Nc4 Nf7 11. Nxd6+ cxd6 12. Rd1 c5 13. Qd3 Qc7 14. Bb2 O-O-O 15. c4 Ne5 16. Qe3 Rhe8 17. Nd2 Nc6 18. Qg3 Kb8 19. Nf1 Bg8 20. f3 Ka8 21. Ne3 Ne5 22. Rd2 Rd7 23. Rad1 Red8 24. h4 Be6 25. Bc3 Ka7 26. Nd5 Bxd5 27. Rxd5 Ka8 28. Qh3 h6 29. R5d2 Re7 30. Qf5 Ka7 31. Kh1 Ka8 32. Rd5 Ka7 33. Qf4 Ka8 34. Qd2 Red7 35. f4 Ng4 36. Qe2 f5 37. Rxf5 Nf6 38. Bxf6 gxf6 39. Rxf6 Re7 40. Rxh6 Rde8 41. Re1 d5 42. e5 {Source: Steve Giddins} 1-0

[Event "GBR-ch77"]
[Site "Eastbourne"]
[Date "1990.08.04"]
[Round "6.28"]
[White "Mortazavi, Ali"]
[Black "Flear, Christine"]
[Result "0-1"]
[WhiteElo "2285"]
[BlackElo "2160"]
[PlyCount "66"]
[EventDate "1990.07.30"]
[EventType "swiss"]
[EventRounds "11"]
[EventCountry "GBR"]
[SourceTitle "BritBase"]

1. Nc3 d5 2. e4 d4 3. Nce2 c5 4. Ng3 Nc6 5. Bc4 Nf6 6. d3 h5 7. h4 Bg4 8. N1e2
b5 9. Bb3 g6 10. a4 a6 11. Bg5 Bg7 12. Qd2 O-O 13. Nf4 Ne5 14. Nh3 Bxh3 15.
Rxh3 Qd7 16. Kf1 c4 17. Ba2 Rac8 18. Bf4 Nfg4 19. a5 Kh7 20. Kg1 Rc6 21. Ne2
Rfc8 22. dxc4 Nxc4 23. Qb4 Nxb2 24. Bb3 d3 25. cxd3 Nxd3 26. Rd1 Ngxf2 27.
Rhxd3 Nxd3 28. Qd2 Qa7+ 29. Be3 Nc5 30. Qb4 e6 31. Rf1 Qc7 32. Nd4 Nxb3 33.
Nxb3 Rc4 0-1

[Event "GBR-ch77"]
[Site "Eastbourne"]
[Date "1990.08.04"]
[Round "6.32"]
[White "Hassabis, Demis"]
[Black "Clarke, Thomas M"]
[Result "1-0"]
[WhiteElo "2285"]
[BlackElo "2215"]
[PlyCount "56"]
[EventDate "1990.07.30"]
[EventType "swiss"]
[EventRounds "11"]
[EventCountry "GBR"]
[SourceTitle "BritBase"]

1. e4 e6 2. d4 d5 3. Nc3 Bb4 4. a3 Bxc3+ 5. bxc3 dxe4 6. Qg4 Nf6 7. Qxg7 Rg8 8.
Qh6 Nbd7 9. Bg5 Qe7 10. Ne2 Ng4 11. Bxe7 Nxh6 12. Bh4 Nf5 13. Bg3 c5 14. Bf4 b6
15. Ng3 Bb7 16. O-O-O cxd4 17. cxd4 Nh4 18. Rg1 Rc8 19. Bb5 Ke7 20. d5 Bxd5 21.
Nxe4 Bxe4 22. Rxd7+ Kf6 23. c4 Rxg2 24. Rxg2 Nxg2 25. Bg3 Bc6 26. Rc7 Rxc7 27.
Bxc7 Bb7 28. Kd2 Nh4 1-0

[Event "GBR-ch77"]
[Site "Eastbourne"]
[Date "1990.08.04"]
[Round "6.33"]
[White "Carton, Niall"]
[Black "Bryce, Andrew"]
[Result "1-0"]
[WhiteElo "2220"]
[BlackElo "2250"]
[PlyCount "53"]
[EventDate "1990.07.30"]
[EventType "swiss"]
[EventRounds "11"]
[EventCountry "GBR"]
[SourceTitle "BritBase"]

1. e4 c6 2. d4 d5 3. Nc3 dxe4 4. Nxe4 Nf6 5. Ng3 h5 6. h4 e5 7. Nf3 Bg4 8. dxe5
Qxd1+ 9. Kxd1 Nfd7 10. Be2 Bxf3 11. Bxf3 Nxe5 12. Bxh5 Na6 13. c3 Bc5 14. f4
Nd3 15. Kc2 Bf2 16. Kxd3 Bxg3 17. Rh3 Rxh5 18. Rxg3 O-O-O+ 19. Kc2 Rxh4 20.
Rxg7 Rh1 21. b4 Rdd1 22. Rxf7 c5 23. Rf8+ Kd7 24. Rf7+ Kc8 25. f5 c4 26. Rf8+
Kd7 27. Rd8+ 1-0

[Event "GBR-ch77"]
[Site "Eastbourne"]
[Date "1990.08.04"]
[Round "6.34"]
[White "Knox, David"]
[Black "Willmoth, Robert"]
[Result "1-0"]
[WhiteElo "2260"]
[BlackElo "2205"]
[PlyCount "57"]
[EventDate "1990.07.30"]
[EventType "swiss"]
[EventRounds "11"]
[EventCountry "GBR"]
[SourceTitle "BritBase"]

1. e4 d6 2. d4 g6 3. Nc3 Bg7 4. f4 Nf6 5. Nf3 O-O 6. Bd3 Na6 7. O-O c5 8. d5
Rb8 9. Kh1 Nc7 10. a4 b6 11. Nb5 a6 12. Nxc7 Qxc7 13. c4 Bd7 14. Ra2 b5 15. b3
bxa4 16. bxa4 Rb7 17. Re2 Rb4 18. e5 Bxa4 19. Qe1 dxe5 20. fxe5 Ne8 21. Ng5 Bb3
22. Qh4 h6 23. Nxf7 Rxf7 24. Rxf7 Kxf7 25. Qg4 Rb6 26. e6+ Kg8 27. Qxg6 Qb8 28.
Bxh6 Bxc4 29. Qh7+ 1-0

[Event "GBR-ch77"]
[Site "Eastbourne"]
[Date "1990.08.04"]
[Round "6.35"]
[White "Lalic, Susan"]
[Black "Milligan, Helen"]
[Result "1-0"]
[WhiteElo "2270"]
[BlackElo "2035"]
[PlyCount "73"]
[EventDate "1990.07.30"]
[EventType "swiss"]
[EventRounds "11"]
[EventCountry "GBR"]
[SourceTitle "BritBase"]

1. b4 e5 2. Bb2 d6 3. c4 Be6 4. e3 f5 5. Nf3 Nd7 6. d4 e4 7. d5 Bf7 8. Nd4 Nh6
9. Qa4 c6 10. dxc6 Nb6 11. Qc2 bxc6 12. Nxc6 Qc7 13. b5 Be6 14. Nd2 Kf7 15. Be2
Rg8 16. O-O Be7 17. f3 exf3 18. Bxf3 Rac8 19. e4 Bf6 20. Bxf6 gxf6 21. Bh5+ Kf8
22. exf5 Qg7 23. g3 Bd7 24. Rae1 Bxc6 25. bxc6 Ng4 26. Qd3 Qc7 27. Bxg4 Rxg4
28. Qf3 Rg7 29. Re6 Rf7 30. c5 dxc5 31. Qa3 Rd8 32. Qxc5+ Kg7 33. Ne4 Rd5 34.
Qc3 Na4 35. Qb4 Nb6 36. Nxf6 Rxf6 37. Re7+ 1-0

[Event "GBR-ch77"]
[Site "Eastbourne"]
[Date "1990.08.06"]
[Round "7.1"]
[White "Mestel, A Jonathan"]
[Black "Norwood, David"]
[Result "1-0"]
[WhiteElo "2505"]
[BlackElo "2515"]
[PlyCount "43"]
[EventDate "1990.07.30"]
[EventType "swiss"]
[EventRounds "11"]
[EventCountry "GBR"]
[SourceTitle "BritBase"]

1. c4 c5 2. Nf3 Nc6 3. Nc3 g6 4. e3 Bg7 5. d4 Nf6 6. d5 Na5 7. Be2 d6 8. O-O
O-O 9. e4 e6 10. Bf4 Re8 11. Rc1 exd5 12. exd5 Ne4 13. Nxe4 Rxe4 14. Bg5 Bf6
15. Bd3 Re8 16. Qd2 Bxg5 17. Nxg5 b6 18. Rfe1 Rf8 19. Qf4 Kg7 20. Re3 Nb7 21.
Rce1 h6 22. Re7 1-0

[Event "GBR-ch77"]
[Site "Eastbourne"]
[Date "1990.08.06"]
[Round "7.4"]
[White "McDonald, Neil R"]
[Black "King, Daniel J"]
[Result "0-1"]
[WhiteElo "2350"]
[BlackElo "2560"]
[PlyCount "68"]
[EventDate "1990.07.30"]
[EventType "swiss"]
[EventRounds "11"]
[EventCountry "GBR"]
[SourceTitle "BritBase"]

1. e4 c5 2. Nf3 d6 3. d4 cxd4 4. Nxd4 Nf6 5. Nc3 a6 6. Bg5 Nc6 7. Qd2 e6 8.
O-O-O Bd7 9. Be2 Rc8 10. f4 h6 11. Bh4 Nxe4 12. Qe1 Nf6 13. g4 Be7 14. Rf1 Nxd4
15. Rxd4 Qb6 16. Bf2 Qa5 17. Be3 d5 18. g5 hxg5 19. fxg5 Ne4 20. Nxe4 Qxe1+ 21.
Rxe1 dxe4 22. Rxe4 Rxh2 23. Kb1 Rg2 24. Rg4 Rxg4 25. Bxg4 Bc6 26. Bd4 Bxg5 27.
Bxg7 Bd5 28. Bd4 Ke7 29. b3 b5 30. Re5 Rg8 31. c4 bxc4 32. bxc4 Bf6 33. Bc5+
Ke8 34. Rh5 Be4+ 0-1

[Event "GBR-ch77"]
[Site "Eastbourne"]
[Date "1990.08.06"]
[Round "7.5"]
[White "Murshed, Niaz"]
[Black "Conquest, Stuart"]
[Result "1/2-1/2"]
[WhiteElo "2465"]
[BlackElo "2460"]
[PlyCount "59"]
[EventDate "1990.07.30"]
[EventType "swiss"]
[EventRounds "11"]
[EventCountry "GBR"]
[SourceTitle "BritBase"]

1. d4 Nf6 2. c4 e6 3. Nc3 Bb4 4. f3 c5 5. d5 b5 6. e4 bxc4 7. Bxc4 Nxd5 8. Bxd5
exd5 9. Qxd5 Nc6 10. Nge2 Ba6 11. Bf4 O-O 12. Kf2 Bxc3 13. bxc3 Bxe2 14. Kxe2
Qf6 15. Qxd7 Na5 16. Qd6 Qxc3 17. Rhc1 Qb2+ 18. Kf1 Qb5+ 19. Kg1 Rac8 20. Rab1
Qa4 21. Rxc5 Nc4 22. Rxc8 Rxc8 23. Qd4 Qxa2 24. Ra1 Qb2 25. Qxb2 Nxb2 26. Rxa7
Nd3 27. Bd2 Rd8 28. h4 Ne5 29. Ba5 Nc6 30. Ra6 1/2-1/2

[Event "GBR-ch77"]
[Site "Eastbourne"]
[Date "1990.08.06"]
[Round "7.6"]
[White "Morris, Philip"]
[Black "Suba, Mihai"]
[Result "1/2-1/2"]
[WhiteElo "2380"]
[BlackElo "2520"]
[PlyCount "133"]
[EventDate "1990.07.30"]
[EventType "swiss"]
[EventRounds "11"]
[EventCountry "GBR"]
[SourceTitle "BritBase"]

1. e4 c5 2. Nf3 d6 3. d4 Nf6 4. Nc3 cxd4 5. Nxd4 e6 6. Be2 a6 7. O-O Be7 8. f4
O-O 9. Kh1 Qc7 10. Qe1 b5 11. Bf3 Bb7 12. e5 Ne8 13. f5 dxe5 14. fxe6 Bxf3 15.
exf7+ Rxf7 16. Nxf3 Nd7 17. Bg5 Bf8 18. Bh4 h6 19. Qe2 Rc8 20. Bg3 b4 21. Nd5
Qc4 22. Qxc4 Rxc4 23. c3 bxc3 24. Nxc3 Rc5 25. Rfe1 Re7 26. Re2 g6 27. Rd1 Bg7
28. Ne4 Rc6 29. Nc3 Nc7 30. h3 Rce6 31. Nd2 Rd6 32. Nde4 Rxd1+ 33. Nxd1 Ne6 34.
Rc2 Nd4 35. Rc7 Rf7 36. Ndc3 Nb6 37. Rxf7 Kxf7 38. Kg1 a5 39. Kf2 Ke6 40. Nc5+
Kf5 41. Nb7 Nc6 42. Ke2 Nc4 43. b3 Nd4+ 44. Kd3 Nb2+ 45. Kd2 Bf8 46. Kc1 Nd3+
47. Kd2 Nf4 48. Bxf4 exf4 49. Kd3 Nc6 50. Kc4 Ne5+ 51. Kb5 Nd3 52. Nxa5 Ne1 53.
Nc4 Nxg2 54. Nd2 Bg7 55. Kc4 g5 56. a4 Ne3+ 57. Kd3 Bf8 58. a5 Bc5 59. Nce4 Ba7
60. b4 g4 61. hxg4+ Nxg4 62. Nf3 Ne5+ 63. Nxe5 Kxe5 64. b5 Be3 65. Nd2 Kd5 66.
Nc4 Bc5 67. a6 1/2-1/2

[Event "GBR-ch77"]
[Site "Eastbourne"]
[Date "1990.08.06"]
[Round "7.7"]
[White "Ward, Christopher R"]
[Black "Howell, James C"]
[Result "1/2-1/2"]
[WhiteElo "2460"]
[BlackElo "2415"]
[PlyCount "56"]
[EventDate "1990.07.30"]
[EventType "swiss"]
[EventRounds "11"]
[EventCountry "GBR"]
[SourceTitle "BritBase"]

1. c4 f5 2. d4 Nf6 3. Nc3 g6 4. f3 c5 5. dxc5 Na6 6. Be3 e5 7. Qd2 Bxc5 8. Bxc5
Nxc5 9. O-O-O b6 10. e3 O-O 11. Kb1 Bb7 12. Nge2 Qe7 13. Nc1 Rfd8 14. Qd6 Qxd6
15. Rxd6 Kf7 16. Be2 Ke7 17. Rhd1 g5 18. R6d2 Bc6 19. Nd3 Nxd3 20. Bxd3 f4 21.
Re1 d6 22. Bf5 Bd7 23. Bxd7 Rxd7 24. exf4 gxf4 25. Red1 Rg8 26. Kc2 Ke6 27. Re1
Kf5 28. Kb3 Rdg7 1/2-1/2

[Event "GBR-ch77"]
[Site "Eastbourne"]
[Date "1990.08.06"]
[Round "7.8"]
[White "Plaskett, H James"]
[Black "McNab, Colin Anderson"]
[Result "1-0"]
[WhiteElo "2445"]
[BlackElo "2385"]
[PlyCount "83"]
[EventDate "1990.07.30"]
[EventType "swiss"]
[EventRounds "11"]
[EventCountry "GBR"]
[SourceTitle "BritBase"]

1. e4 g6 2. d4 d6 3. Nc3 Nf6 4. f4 Bg7 5. Nf3 c5 6. dxc5 Qa5 7. Bd3 Qxc5 8. Qe2
Bg4 9. Be3 Qa5 10. O-O O-O 11. h3 Bxf3 12. Qxf3 Nc6 13. a3 Nd7 14. Bd2 Qb6+ 15.
Kh1 Nc5 16. Rab1 Nxd3 17. cxd3 f5 18. g4 fxg4 19. hxg4 e6 20. Qg3 d5 21. exd5
exd5 22. f5 Qd8 23. Rbe1 Qd7 24. Qf3 d4 25. Ne4 Ne5 26. Qh3 gxf5 27. gxf5 Kh8
28. Re2 Rae8 29. Rh2 Bf6 30. Bh6 Rf7 31. Rg1 Nxd3 32. Qxd3 Qd5 33. Rhg2 Qxf5
34. Nxf6 Qxf6 35. Qh3 Qc6 36. Kh2 Qd6+ 37. Kh1 Qc6 38. Qh4 Qd5 39. Qg5 Qf3 40.
Bg7+ Kg8 41. Bf6+ Kf8 42. Qg8# 1-0

[Event "GBR-ch77"]
[Site "Eastbourne"]
[Date "1990.08.06"]
[Round "7.9"]
[White "Arkell, Keith C"]
[Black "Ledger, Andrew"]
[Result "1-0"]
[WhiteElo "2430"]
[BlackElo "2350"]
[PlyCount "199"]
[EventDate "1990.07.30"]
[EventType "swiss"]
[EventRounds "11"]
[EventCountry "GBR"]
[SourceTitle "BritBase"]

1. Nf3 Nf6 2. c4 c6 3. b3 g6 4. Bb2 Bg7 5. e3 O-O 6. Be2 d5 7. O-O Re8 8. Qc2
a5 9. d3 Na6 10. a3 Bf5 11. Nbd2 Rc8 12. Rfd1 Qb6 13. Bd4 Qc7 14. Rac1 e5 15.
Ba1 e4 16. Nd4 exd3 17. Bxd3 Bxd3 18. Qxd3 Ng4 19. g3 Ne5 20. Qe2 dxc4 21. Nxc4
Nxc4 22. Qxc4 Rcd8 23. b4 axb4 24. axb4 Qb6 25. Rb1 Nc7 26. Qc5 Qa6 27. Qa5
Qxa5 28. bxa5 Na6 29. Rdc1 Rd7 30. Rb6 Ra8 31. Kg2 Ra7 32. Bb2 Nc7 33. Rb3 Ne8
34. Bc3 Nd6 35. Ra1 Ne4 36. Bb2 Nd2 37. Rc3 Ne4 38. Rc2 Rd5 39. a6 Rxa6 40.
Rxa6 bxa6 41. Rxc6 Rd8 42. Rxa6 Nc5 43. Ra7 h5 44. Nc6 Re8 45. Bxg7 Kxg7 46. h3
Kf6 47. Ra5 Ne6 48. f4 Rc8 49. Ne5 Rc7 50. Kf3 Rc3 51. Ra6 Rc7 52. Nd3 Rc3 53.
Nf2 Kg7 54. Ra4 Rc1 55. g4 hxg4+ 56. hxg4 Rf1 57. Ke2 Rg1 58. g5 Rc1 59. Ra7
Rc7 60. Ra8 f6 61. gxf6+ Kxf6 62. Ng4+ Kg7 63. Ra6 Re7 64. Kf3 Nf8 65. Kg3 Ne6
66. Kf3 Nf8 67. Nf2 Nd7 68. Rd6 Nf6 69. e4 Ra7 70. e5 Nd7 71. Kg4 Nf8 72. Ne4
Ra1 73. Ng5 Rg1+ 74. Kf3 Rf1+ 75. Kg3 Rg1+ 76. Kf2 Ra1 77. Rc6 Ra7 78. Kf3 Kg8
79. Kg4 Re7 80. Kf3 Kg7 81. Ke4 Kg8 82. e6 Kg7 83. Ke5 Ra7 84. Kd6 Kf6 85. Ne4+
Kf5 86. Nc5 Nh7 87. Nd7 Ra8 88. e7 g5 89. fxg5 Kxg5 90. Nb6 Rh8 91. Nd5 Kg6 92.
Rc1 Kg7 93. Rg1+ Kf7 94. Rf1+ Kg7 95. Nc7 Nf6 96. Ke6 Rh6 97. Rxf6 Rxf6+ 98.
Kd5 Rf5+ 99. Kd4 Rf4+ 100. Kd3 1-0

[Event "GBR-ch77"]
[Site "Eastbourne"]
[Date "1990.08.06"]
[Round "7.10"]
[White "Emms, John M"]
[Black "Sadler, Matthew D"]
[Result "1-0"]
[WhiteElo "2430"]
[BlackElo "2470"]
[PlyCount "89"]
[EventDate "1990.07.30"]
[EventType "swiss"]
[EventRounds "11"]
[EventCountry "GBR"]
[SourceTitle "BritBase"]

1. e4 c5 2. c3 d6 3. d4 Nf6 4. Bd3 g6 5. Nf3 Bg7 6. O-O O-O 7. h3 Nc6 8. Bc2
Qc7 9. Be3 Nd7 10. Qd2 Re8 11. a4 a6 12. Na3 Rb8 13. dxc5 Nxc5 14. Bh6 Bh8 15.
b4 Nd7 16. Bb3 Nd8 17. Rac1 b6 18. Ng5 Bb7 19. f4 Rc8 20. Qa2 e6 21. f5 Nf8 22.
Bxf8 Rxf8 23. fxe6 Bxc3 24. exf7+ Kg7 25. Qf2 d5 26. Nb1 Qe5 27. Rxc3 Qxg5 28.
Bxd5 Rxc3 29. Qd4+ Kh6 30. Nxc3 Bxd5 31. Nxd5 Rxf7 32. Rxf7 Nxf7 33. Qxb6 Qc1+
34. Kh2 Ng5 35. Qe3 Qxe3 36. Nxe3 Nxe4 37. b5 axb5 38. axb5 Kg5 39. b6 Nc5 40.
Kg3 h5 41. h4+ Kf6 42. Kf4 Nb7 43. Nc4 Nc5 44. Na5 Ne6+ 45. Kg3 1-0

[Event "GBR-ch77"]
[Site "Eastbourne"]
[Date "1990.08.06"]
[Round "7.11"]
[White "Hodgson, Julian M"]
[Black "Large, Peter G"]
[Result "1-0"]
[WhiteElo "2555"]
[BlackElo "2325"]
[PlyCount "83"]
[EventDate "1990.07.30"]
[EventType "swiss"]
[EventRounds "11"]
[EventCountry "GBR"]
[SourceTitle "BritBase"]

1. Nf3 Nf6 2. g3 d5 3. Bg2 e6 4. O-O b6 5. c4 Bb7 6. b3 Be7 7. e3 O-O 8. Qe2 c5
9. Bb2 Nc6 10. d3 dxc4 11. bxc4 Qc7 12. Nc3 Rfd8 13. Rad1 a6 14. Ba1 Na7 15.
Rb1 Rab8 16. Rfc1 b5 17. cxb5 axb5 18. e4 b4 19. Nd1 Qa5 20. Ne3 Nb5 21. Nc4
Qa6 22. Rc2 Nd7 23. Rbc1 Na3 24. Nxa3 Qxa3 25. Nd2 Ba6 26. Nb3 Bb5 27. Bf1 Qa7
28. Qe3 Rbc8 29. d4 Bxf1 30. Kxf1 c4 31. Rxc4 Rxc4 32. Rxc4 Qxa2 33. Rc7 Bd6
34. Rc6 Nf6 35. Qd3 Qa8 36. d5 Be7 37. Ra6 Qc8 38. Nd4 Nxe4 39. Nc6 Rd7 40. Rb6
Nc5 41. Qd4 e5 42. Nxe7+ 1-0

[Event "GBR-ch77"]
[Site "Eastbourne"]
[Date "1990.08.06"]
[Round "7.12"]
[White "Hebden, Mark"]
[Black "Walker, David"]
[Result "1/2-1/2"]
[WhiteElo "2520"]
[BlackElo "2325"]
[PlyCount "116"]
[EventDate "1990.07.30"]
[EventType "swiss"]
[EventRounds "11"]
[EventCountry "GBR"]
[SourceTitle "BritBase"]

1. e4 g6 2. d4 Bg7 3. Nf3 d6 4. Nc3 Nf6 5. Be3 O-O 6. Qd2 Bg4 7. O-O-O c6 8.
Bh6 b5 9. Bxg7 Kxg7 10. Qf4 b4 11. e5 Bxf3 12. exf6+ exf6 13. Qxf3 bxc3 14.
Qxc3 Qb6 15. h4 h5 16. g4 hxg4 17. h5 Rh8 18. Be2 Na6 19. hxg6 Nb4 20. Qg3 Rab8
21. Qb3 fxg6 22. Rxh8 Rxh8 23. Qe6 Qd8 24. Bxg4 Re8 25. Qb3 Qa5 26. Kb1 Re7 27.
c3 Qg5 28. Bc8 Nd5 29. c4 Nb6 30. Bh3 Qh5 31. Bf1 Qf5+ 32. Qc2 Qxc2+ 33. Kxc2
f5 34. b4 Kf6 35. Bd3 Rh7 36. a3 Rh2 37. Rd2 g5 38. c5 dxc5 39. dxc5 Nd5 40. b5
cxb5 41. Bxb5 Nc7 42. Bc4 g4 43. Kc3 Rh7 44. Rd6+ Ke5 45. Rd8 Rg7 46. Kb4 f4
47. c6 g3 48. fxg3 fxg3 49. Rd7 Kf6 50. Rxg7 Kxg7 51. Bf1 Kf6 52. Kc5 Ke7 53.
Bg2 Ne6+ 54. Kb5 Nc7+ 55. Kc5 Kd8 56. a4 Ne8 57. Kd5 Kc7 58. Ke5 Nd6 1/2-1/2

[Event "GBR-ch77"]
[Site "Eastbourne"]
[Date "1990.08.06"]
[Round "7.13"]
[White "Flear, Glenn C"]
[Black "Littlewood, John Eric"]
[Result "1-0"]
[WhiteElo "2485"]
[BlackElo "2320"]
[PlyCount "125"]
[EventDate "1990.07.30"]
[EventType "swiss"]
[EventRounds "11"]
[EventCountry "GBR"]
[SourceTitle "BritBase"]

1. d4 Nf6 2. c4 g6 3. Nc3 Bg7 4. Nf3 O-O 5. e4 d6 6. Be2 e5 7. O-O Nc6 8. d5
Ne7 9. Nd2 a5 10. a3 Bd7 11. Rb1 a4 12. b4 axb3 13. Nxb3 c6 14. Qc2 cxd5 15.
cxd5 Qc7 16. Nd2 Ra5 17. Nb3 Raa8 18. Qb2 Rfc8 19. Bd2 Qd8 20. Rfd1 Rxc3 21.
Bxc3 Nxe4 22. Be1 Nf6 23. Na1 Nfxd5 24. Qxb7 Bc6 25. Qb2 e4 26. Qa2 e3 27. Bb5
exf2+ 28. Qxf2 Bxb5 29. Rxb5 Nc3 30. Bxc3 Bxc3 31. Nc2 Qd7 32. Rb3 Be5 33. Ne3
Qe6 34. Rbd3 Ra4 35. Qc2 Ra8 36. Qb3 Qd7 37. Nc4 Qa7+ 38. Kh1 Qa4 39. Qa2 Rf8
40. Nxd6 Qf4 41. g3 Qa4 42. Qe2 Qa8+ 43. Kg1 Bxd6 44. Rxd6 Qa7+ 45. Kg2 Nf5 46.
R6d3 h5 47. Qe4 Kh7 48. Rf3 Nh6 49. Rb1 Qa5 50. Rb7 Qd2+ 51. Rf2 Qc3 52. a4 Kg8
53. Rc2 Qa1 54. Ra7 Ng4 55. Re2 Qd1 56. a5 Rd8 57. a6 Nf6 58. Qc4 Nd5 59. Rb7
h4 60. a7 h3+ 61. Kf2 Qh1 62. Rb8 Qxh2+ 63. Kf3 1-0

[Event "GBR-ch77"]
[Site "Eastbourne"]
[Date "1990.08.06"]
[Round "7.14"]
[White "Martin, Andrew D"]
[Black "Tozer, Richard"]
[Result "1/2-1/2"]
[WhiteElo "2415"]
[BlackElo "2285"]
[PlyCount "80"]
[EventDate "1990.07.30"]
[EventType "swiss"]
[EventRounds "11"]
[EventCountry "GBR"]
[SourceTitle "BritBase"]

1. g3 e5 2. Bg2 Nf6 3. c4 d5 4. cxd5 Nxd5 5. Nf3 Nc6 6. O-O Be7 7. d4 e4 8. Ne5
Nxe5 9. dxe5 f5 10. exf6 Nxf6 11. Nc3 Qxd1 12. Rxd1 Bf5 13. Nb5 Kf7 14. Nxc7
Rac8 15. Nb5 Rhd8 16. Be3 a6 17. Nc3 b5 18. Rxd8 Bxd8 19. Rc1 Ke6 20. Nd1 Rxc1
21. Bxc1 Nd5 22. Ne3 Nxe3 23. Bxe3 Bf6 24. Bc1 h5 25. Kf1 h4 26. Ke1 h3 27. Bf1
g5 28. f3 exf3 29. exf3 g4 30. fxg4 Bxg4 31. a4 bxa4 32. Bxa6 Bf5 33. Bb5 Bc2
34. Kd2 Bb3 35. Kd3 Be5 36. Ba6 Bxg3 37. Bc8+ Kd6 38. Bxh3 Bxh2 39. Kc3 Be5+
40. Kb4 Kd5 1/2-1/2